[Event "13sen.WMH 2003 Senioren"]
[Site "Bad Zwischenahn(17.11.-29.11.2003)"]
[Date "2003.??.??"]
[Round "3.18"]
[White "Rahls, Peter"]
[Black "Bogorad, Michail"]
[Result "1-0"]
[WhiteElo "2331"]
[BlackElo "2063"]
[PlyCount "59"]


1. e4 c5 2. Nf3 Nc6 3. c3 g6 4. d4 Bg7 5. dxc5 Qa5 6. Be3 Nf6 7. Nbd2 Ng4 8.
Bd4 f6 9. Nc4 Qc7 10. h3 Nh6 11. Be3 O-O 12. Qd2 Nf7 13. Bf4 e5 14. Be3 f5 15.
exf5 gxf5 16. g3 Re8 17. O-O-O Ncd8 18. Nd6 Nxd6 19. cxd6 Qc6 20. Bg2 Ne6 21.
Nh4 Qa4 22. Nxf5 Qxa2 23. Bd5 Qa6 24. Kb1 Kh8 25. h4 Bf8 26. Bg5 Bg7 27. h5 e4
28. Nxg7 Nxg7 29. Qd4 Qb6 30. Qf6 1-0

[Event "13sen.WMH 2003 Senioren"]
[Site "Bad Zwischenahn(17.11.-29.11.2003)"]
[Date "2003.11.29"]
[Round "3.19"]
[White "Bierwisch, Bernhard"]
[Black "Zakharchenko, Arnold"]
[Result "0-1"]
[WhiteElo "2109"]
[BlackElo "2331"]
[PlyCount "66"]


1. e4 c5 2. Nc3 Nc6 3. g3 g6 4. Bg2 Bg7 5. d3 d6 6. Nge2 Rb8 7. Be3 b5 8. Qd2
b4 9. Nd1 Nf6 10. h3 O-O 11. O-O e5 12. Kh2 Nd4 13. f4 Nxe2 14. Qxe2 exf4 15.
Bxf4 Nh5 16. c3 Nxf4 17. gxf4 Re8 18. Qd2 bxc3 19. bxc3 Qa5 20. Rc1 Ba6 21. Ne3
Rb5 22. Rc2 Reb8 23. Bf3 Rb1 24. Rxb1 Rxb1 25. Nd5 h5 26. Rb2 Bxd3 27. f5 Be5+
28. Kg2 Rxb2 29. Qxb2 Bc4 30. fxg6 fxg6 31. Ne7+ Kf7 32. Nc6 Qxa2 33. Qxa2 Bxa2
0-1

[Event "13sen.WMH 2003 Senioren"]
[Site "Bad Zwischenahn(17.11.-29.11.2003)"]
[Date "2003.11.29"]
[Round "3.20"]
[White "Hermann, Manfred[42Oldenb]"]
[Black "Hoeschele, Hans-Ulrich"]
[Result "1-0"]
[WhiteElo "2281"]
[BlackElo "2080"]
[PlyCount "51"]


1. e4 d6 2. d4 Nf6 3. Nc3 g6 4. f4 c6 5. Nf3 Bg7 6. Bd3 Qb6 7. e5 dxe5 8. fxe5
Nd5 9. Be4 Nxc3 10. bxc3 Be6 11. O-O O-O 12. Ng5 Bc4 13. Bd3 Bxd3 14. Qxd3 Na6
15. Qh3 h6 16. Ne4 h5 17. g4 c5 18. d5 Bxe5 19. gxh5 f5 20. Ng5 Qf6 21. hxg6
Qxg6 22. Kh1 Bg7 23. Rg1 Rf6 24. Ne6 Rxe6 25. dxe6 Qxe6 26. Bh6 1-0

[Event "13sen.WMH 2003 Senioren"]
[Site "Bad Zwischenahn(17.11.-29.11.2003)"]
[Date "2003.??.??"]
[Round "3.39"]
[White "Barlo, Werner"]
[Black "Rauscher, Erwin[23AUT]"]
[Result "1-0"]
[WhiteElo "1735"]
[BlackElo "1369"]
[PlyCount "99"]


1. e4 c6 2. Nf3 d5 3. exd5 cxd5 4. d4 Bg4 5. Bb5+ Nc6 6. O-O a6 7. Bxc6+ bxc6
8. h3 Bh5 9. Bf4 e6 10. Nbd2 Be7 11. c3 Bd6 12. Bxd6 Qxd6 13. Qa4 Ne7 14. Ne5
O-O 15. b4 Rab8 16. Nb3 Be2 17. Rfe1 Bb5 18. Qa3 f6 19. Nf3 Rfe8 20. Nc5 Nc8
21. Re3 Nb6 22. Nd2 Nc4 23. Nxc4 Bxc4 24. Rae1 e5 25. f3 Qc7 26. Qb2 Kf7 27. a3
Re7 28. Qc2 g6 29. Qf2 Rbe8 30. Qg3 Kg7 31. Kf2 Kf7 32. dxe5 fxe5 33. Qh4 Kg7
34. Qg3 Qd6 35. h4 h5 36. Qh3 Kf7 37. Qg3 Qf6 38. Kg1 Kg7 39. Qh3 Kf7 40. Nd7
Qd6 41. Nc5 Qf6 42. Nd7 Qd6 43. Nb6 c5 44. Nc8 Qe6 45. Nxe7 Qxe7 46. Rxe5 Qxe5
47. Rxe5 Rxe5 48. bxc5 Ke7 49. c6 Rf5 50. Qg3 1-0

[Event "13sen.WMH 2003 Senioren"]
[Site "Bad Zwischenahn(17.11.-29.11.2003)"]
[Date "2003.11.29"]
[Round "4"]
[White "Aigner, Georg"]
[Black "Becker, Guenter[40Steinb]"]
[Result "1-0"]
[WhiteElo "1806"]
[BlackElo "1669"]
[PlyCount "86"]


1. e4 d6 2. d4 Nf6 3. Nc3 g6 4. Nf3 Bg7 5. Bc4 O-O 6. O-O c6 7. Re1 b5 8. Bd3
Nbd7 9. Bg5 h6 10. Be3 Bb7 11. h3 a5 12. Qd2 Kh7 13. Rad1 b4 14. Ne2 Rc8 15.
Ng3 c5 16. c4 bxc3 17. bxc3 e5 18. Rb1 Bc6 19. Rb2 Qc7 20. Reb1 Rb8 21. Ne2
Nxe4 22. Qc2 Rxb2 23. Rxb2 Nef6 24. Nf4 Bxf3 25. Bxg6+ Kg8 26. gxf3 fxg6 27.
Ne6 Qc8 28. Qxg6 Rf7 29. Bxh6 Nf8 30. Nxf8 Qxf8 31. f4 Ne8 32. Rb8 Kh8 33. Bg5
cxd4 34. Qe6 Qg8 35. Rxe8 Rf8 36. Qxg8+ Rxg8 37. Rxg8+ Kxg8 38. cxd4 exd4 39.
Kf1 Kf7 40. f5 Bf6 41. h4 Ke7 42. Ke2 Kf7 43. Kd3 Be5 1-0

[Event "13sen.WMH 2003 Senioren"]
[Site "Bad Zwischenahn(17.11.-29.11.2003)"]
[Date "2003.11.29"]
[Round "4"]
[White "Bartle, Georg"]
[Black "Steinbach, Horst"]
[Result "1-0"]
[WhiteElo "1682"]
[BlackElo "1497"]
[PlyCount "79"]


1. b4 e5 2. Bb2 d6 3. c4 Be6 4. e3 Nf6 5. Nf3 Nc6 6. b5 Na5 7. d3 b6 8. Nbd2 a6
9. a4 axb5 10. axb5 Nb7 11. Nb3 Be7 12. Be2 Nd7 13. O-O O-O 14. Qc2 Bf6 15.
Rxa8 Qxa8 16. Ra1 Qb8 17. Nfd2 Nbc5 18. d4 Nxb3 19. Nxb3 d5 20. dxe5 Bxe5 21.
Bf3 Bxb2 22. Qxb2 dxc4 23. Ra8 Qxa8 24. Bxa8 Rxa8 25. Nd4 Rd8 26. Nxe6 fxe6 27.
Qd4 c3 28. Qxc3 Nc5 29. g3 Rd5 30. Kg2 Kf7 31. f3 g6 32. e4 Rd8 33. g4 Rc8 34.
h4 h6 35. Qc1 Kg7 36. Qf4 Nb7 37. Qe5+ Kf7 38. g5 h5 39. Qf6+ Kg8 40. Qxe6+ 1-0

[Event "13sen.WMH 2003 Senioren"]
[Site "Bad Zwischenahn(17.11.-29.11.2003)"]
[Date "2003.11.29"]
[Round "4"]
[White "Batakovs, Olegs"]
[Black "Molez, Karl"]
[Result "1-0"]
[WhiteElo "2123"]
[BlackElo "1885"]
[PlyCount "51"]


1. e4 c5 2. Nf3 e6 3. d4 cxd4 4. Nxd4 a6 5. Bd3 Qc7 6. O-O Nf6 7. Kh1 Be7 8. f4
d6 9. Qe2 Nbd7 10. c4 O-O 11. Nc3 b6 12. Bd2 Bb7 13. Rae1 Nc5 14. Bb1 Rfd8 15.
Nf3 Bf8 16. e5 Ng4 17. Bxh7+ Kh8 18. Ng5 Nh6 19. Bb1 d5 20. b4 Nd7 21. cxd5
exd5 22. Qd3 g6 23. Nxf7+ Nxf7 24. Qxg6 Nf6 25. exf6 Nh6 26. Re7 1-0

[Event "13sen.WMH 2003 Senioren"]
[Site "Bad Zwischenahn(17.11.-29.11.2003)"]
[Date "2003.11.29"]
[Round "4"]
[White "Becker, Karl-Heinz[31Köln]"]
[Black "Ristic, Sreten"]
[Result "0-1"]
[WhiteElo "1534"]
[BlackElo "1772"]
[PlyCount "98"]


1. d4 c5 2. c3 d5 3. e3 cxd4 4. exd4 Nc6 5. Nf3 Nf6 6. Bd3 Qc7 7. O-O h6 8. Re1
Bg4 9. Nbd2 g5 10. Qa4 Nd7 11. b4 a6 12. Bb2 Bg7 13. b5 Nd8 14. c4 Nb6 15. Qb3
axb5 16. cxd5 O-O 17. Ne5 Bd7 18. Nxd7 Qxd7 19. Bxb5 Qd6 20. Ne4 Qxd5 21. Qxd5
Nxd5 22. Bc4 Nc7 23. Bb3 e6 24. a4 Nc6 25. Rad1 Rfd8 26. Ng3 Bxd4 27. Bxd4 Rxd4
28. Rxd4 Nxd4 29. Bd1 b5 30. axb5 Ncxb5 31. Ne2 Ra1 32. Nxd4 Nxd4 33. Kf1 f5
34. Bh5 Ra4 35. Bd1 Rb4 36. f3 Kf7 37. Kf2 Rb2+ 38. Kf1 Kf6 39. Ba4 h5 40. Bd1
h4 41. h3 e5 42. Kg1 f4 43. Ba4 Ne2+ 44. Kh2 e4 45. Bc6 e3 46. Be4 Nc3 47. Bd3
Ke5 48. Kg1 Kd4 49. Ba6 Ra2 0-1

[Event "13sen.WMH 2003 Senioren"]
[Site "Bad Zwischenahn(17.11.-29.11.2003)"]
[Date "2003.11.29"]
[Round "4"]
[White "Bergmann, Hans-Dieter"]
[Black "Heinemann, Klaus-Detlef"]
[Result "1-0"]
[WhiteElo "1595"]
[BlackElo "1415"]
[PlyCount "157"]


1. e4 c5 2. Nf3 Nc6 3. d4 cxd4 4. Nxd4 d6 5. Nc3 Nf6 6. Bg5 e5 7. Ndb5 a6 8.
Na3 Be7 9. Bxf6 Bxf6 10. Nd5 Bg5 11. c3 O-O 12. h4 Bxh4 13. Qh5 Bxf2+ 14. Kxf2
h6 15. Nc4 f5 16. Kg1 Be6 17. Qg6 Bxd5 18. exd5 Rf6 19. Qg3 Ne7 20. Rd1 b5 21.
Na3 Rg6 22. Qf2 Qd7 23. c4 b4 24. Nc2 Qa4 25. Ra1 a5 26. b3 Qd7 27. Be2 Rf8 28.
Qb6 Ra8 29. Rh5 f4 30. Bf3 Rg5 31. Qf2 Rg3 32. Be4 Kh8 33. Rd1 Qg4 34. Bf3 Qg6
35. Rh2 Rf8 36. Re1 Ng8 37. Kh1 Nf6 38. c5 e4 39. Bd1 Nxd5 40. Bh5 Qf5 41. Nd4
Qe5 42. Nf3 Qc3 43. Nh4 e3 44. Qe2 Qf6 45. c6 Nc3 46. Qc2 Rc8 47. Nf5 Rg5 48.
Nh4 Rxc6 49. Ng6+ Kg8 50. Bf3 d5 51. Nh4 Rd6 52. a3 d4 53. axb4 axb4 54. Ra1
Rd8 55. Qd3 Re8 56. Be2 Nxe2 57. Ra6 Ng3+ 58. Kg1 e2 59. Qc4+ Kh8 60. Nf3 e1=Q+
61. Nxe1 Rxe1+ 62. Kf2 Re8 63. Rxf6 Ne4+ 64. Kg1 Nxf6 65. Qxd4 Re1+ 66. Kf2
Rge5 67. Qxf4 R5e4 68. Qb8+ Re8 69. Qxb4 R1e2+ 70. Kf1 Ng4 71. Rh3 Ra8 72. Qc3
Rf8+ 73. Kg1 Rfe8 74. Rf3 Re1+ 75. Rf1 R1e3 76. Qb4 R3e4 77. Rf8+ Rxf8 78.
Qxf8+ Kh7 79. Qf5+ 1-0

[Event "13sen.WMH 2003 Senioren"]
[Site "Bad Zwischenahn(17.11.-29.11.2003)"]
[Date "2003.11.29"]
[Round "4"]
[White "Bernhoeft, Erhard"]
[Black "Wittmann, Georg"]
[Result "1/2-1/2"]
[WhiteElo "1947"]
[BlackElo "1820"]
[PlyCount "35"]


1. Nf3 d5 2. g3 Nf6 3. Bg2 Bf5 4. d3 e6 5. c4 c6 6. O-O dxc4 7. dxc4 Qxd1 8.
Rxd1 Na6 9. Nc3 Be7 10. h3 O-O 11. Nh4 Rad8 12. Nxf5 Rxd1+ 13. Nxd1 exf5 14.
Ne3 g6 15. Bd2 Ne4 16. Bxe4 fxe4 17. Ng4 f5 18. Nh2 1/2-1/2

[Event "13sen.WMH 2003 Senioren"]
[Site "Bad Zwischenahn(17.11.-29.11.2003)"]
[Date "2003.11.29"]
[Round "4"]
[White "Bodenstein, Joachim"]
[Black "Mueller, Helmut[30Lüneb]"]
[Result "1-0"]
[WhiteElo "1862"]
[BlackElo "1694"]
[PlyCount "31"]


1. e4 e5 2. Nf3 Nc6 3. c3 d6 4. d4 exd4 5. cxd4 Nf6 6. Nc3 Be7 7. Bb5 Bd7 8.
O-O O-O 9. a3 a6 10. Ba4 h6 11. Qd3 Re8 12. Bc2 Bf8 13. Re1 Re7 14. e5 Qe8 15.
Nd5 dxe5 16. Nxf6+ 1-0

[Event "13sen.WMH 2003 Senioren"]
[Site "Bad Zwischenahn(17.11.-29.11.2003)"]
[Date "2003.11.29"]
[Round "4"]
[White "Bodinger, Karl"]
[Black "Polk, Maria"]
[Result "1/2-1/2"]
[WhiteElo "1394"]
[BlackElo "1223"]
[PlyCount "40"]


1. e4 c5 2. Nf3 e6 3. Bc4 d5 4. exd5 exd5 5. Qe2+ Be7 6. Bb5+ Bd7 7. Bxd7+ Nxd7
8. d4 cxd4 9. Nxd4 Ngf6 10. O-O O-O 11. Bg5 h6 12. Bh4 Re8 13. Qd2 Ne5 14. Nf5
Ng6 15. Nxe7+ Rxe7 16. Bxf6 gxf6 17. c3 Re5 18. f3 Qb6+ 19. Qd4 Qxd4+ 20. cxd4
Re7 1/2-1/2

[Event "13sen.WMH 2003 Senioren"]
[Site "Bad Zwischenahn(17.11.-29.11.2003)"]
[Date "2003.11.29"]
[Round "4"]
[White "Bogorad, Michail"]
[Black "Josting, Friedel"]
[Result "1-0"]
[WhiteElo "2063"]
[BlackElo "1866"]
[PlyCount "103"]


1. e4 c5 2. Nf3 e6 3. d3 Be7 4. g3 b6 5. Bg2 Bb7 6. O-O d6 7. Re1 Nf6 8. c4 O-O
9. Nc3 Nbd7 10. a3 Ne5 11. Ng5 Nc6 12. f4 h6 13. Nf3 Nd4 14. Nxd4 cxd4 15. Ne2
e5 16. b4 Qd7 17. Bd2 b5 18. fxe5 dxe5 19. c5 Bc6 20. h3 Nh7 21. Nc1 Bg5 22.
Nb3 Bxd2 23. Qxd2 Ng5 24. h4 Nh7 25. Na5 Rac8 26. Kh2 Rc7 27. Bh3 Qe7 28. Nxc6
Rxc6 29. Rf1 g5 30. h5 Nf6 31. Qe2 Kh8 32. Bf5 Rg8 33. g4 Ne8 34. Qa2 Nc7 35.
Kg3 Kg7 36. Rf2 Rf8 37. Raf1 f6 38. a4 Ra6 39. Qb1 Rxa4 40. Ra2 Rxa2 41. Qxa2
a6 42. Qa5 Rb8 43. Rc1 Kf8 44. c6 Qd6 45. Rc5 Kg8 46. Bd7 Kf8 47. Qa2 Ke7 48.
Qf2 Ne6 49. Rd5 Qc7 50. Bxe6 Qxc6 51. Rd7+ Kf8 52. Qxf6+ 1-0

[Event "13sen.WMH 2003 Senioren"]
[Site "Bad Zwischenahn(17.11.-29.11.2003)"]
[Date "2003.11.29"]
[Round "4"]
[White "Bosbach, Manfred"]
[Black "Luebbers, Doris,Dr."]
[Result "1-0"]
[WhiteElo "1766"]
[BlackElo "1308"]
[PlyCount "63"]


1. e4 e5 2. Nf3 Nc6 3. Bc4 Bc5 4. c3 Nf6 5. d4 exd4 6. cxd4 Bb4+ 7. Bd2 Nxe4 8.
Bxb4 Nxb4 9. Bxf7+ Kf8 10. Bb3 Qf6 11. O-O d5 12. a3 Na6 13. Bxd5 Nd6 14. Nbd2
c6 15. Ba2 Be6 16. Bxe6 Qxe6 17. Re1 Qf6 18. Ne4 Nxe4 19. Rxe4 Nc7 20. Qc1 Nd5
21. Qc5+ Kg8 22. Rae1 h6 23. Re6 Qf8 24. Qc2 Rd8 25. Nh4 Nf4 26. Re7 Rb8 27.
Nf5 Rh7 28. Qe4 Nd5 29. Qe6+ Kh8 30. Rf7 Qg8 31. Nh4 Qc8 32. Ng6+ 1-0

[Event "13sen.WMH 2003 Senioren"]
[Site "Bad Zwischenahn(17.11.-29.11.2003)"]
[Date "2003.11.29"]
[Round "4"]
[White "Brandt, Fred"]
[Black "Frauenfelder, Rudolf"]
[Result "0-1"]
[WhiteElo "1641"]
[BlackElo "1926"]
[PlyCount "74"]


1. d4 Nf6 2. Nf3 e6 3. Bg5 h6 4. Bh4 c5 5. Bxf6 Qxf6 6. e3 Nc6 7. c3 b6 8. Nbd2
Bb7 9. Bd3 d6 10. Ne4 Qd8 11. O-O Be7 12. Qc2 O-O 13. dxc5 bxc5 14. Rad1 Qc7
15. Rd2 Rfd8 16. Rfd1 Rac8 17. a3 Qb8 18. c4 Qc7 19. Be2 Rb8 20. Nc3 a6 21. Ne4
Na5 22. Ng3 Bc6 23. Nh5 Nb3 24. Qc3 f6 25. Rc2 a5 26. Qd3 f5 27. Nf4 Be4 28.
Qc3 Bf6 29. Nd4 cxd4 30. exd4 Qd7 31. Bd3 Nxd4 32. Qxa5 Nxc2 33. Bxe4 fxe4 34.
Nh5 Be5 35. Rc1 Qf7 36. Ng3 Nd4 37. Nxe4 Ne2+ 0-1

[Event "13sen.WMH 2003 Senioren"]
[Site "Bad Zwischenahn(17.11.-29.11.2003)"]
[Date "2003.11.29"]
[Round "4"]
[White "Brandt, Wilhelm"]
[Black "Bukal, Vladimir"]
[Result "0-1"]
[WhiteElo "1871"]
[BlackElo "2428"]
[PlyCount "128"]


1. d4 d5 2. c4 c6 3. Nc3 Nf6 4. Nf3 a6 5. e3 b5 6. cxd5 cxd5 7. a3 Bg4 8. Be2
e6 9. Ne5 Bxe2 10. Nxe2 Bd6 11. O-O O-O 12. Bd2 Ne4 13. Bb4 a5 14. Bxd6 Nxd6
15. Qc2 Ra6 16. Rfc1 f6 17. Nd3 Rc6 18. Nc5 Na6 19. Nf4 Nxc5 20. Nxe6 Nxe6 21.
Qxc6 Rf7 22. Qxd5 Nc7 23. Qc6 a4 24. b3 axb3 25. Qc3 Nd5 26. Qxb3 Nb6 27. Rc6
Nbc4 28. Qb4 Ra7 29. e4 Ra4 30. Qc5 Ra8 31. e5 Ne4 32. Qxb5 Na5 33. Rc2 Qxd4
34. Rac1 Qxe5 35. Rc8+ Rxc8 36. Rxc8+ Kf7 37. Qxe5 fxe5 38. f3 Nd6 39. Rc5 Ndc4
40. Kf2 Ke6 41. Rc7 Kf6 42. a4 Nd6 43. Ke2 h5 44. Kd3 g5 45. Rh7 h4 46. Rh6+
Ke7 47. Rg6 Nb3 48. Kc3 Nc5 49. a5 Kd7 50. Rxg5 Nce4+ 51. fxe4 Nxe4+ 52. Kd3
Nxg5 53. Ke3 Kc6 54. h3 Kb5 55. g3 hxg3 56. h4 Nf7 57. Kf3 Kxa5 58. Kxg3 Kb5
59. Kf3 Kc5 60. Ke4 Kd6 61. Kf5 Kd5 62. h5 e4 63. Kf6 Nh6 64. Kg5 Ng8 0-1

[Event "13sen.WMH 2003 Senioren"]
[Site "Bad Zwischenahn(17.11.-29.11.2003)"]
[Date "2003.11.29"]
[Round "4"]
[White "Bredendick, Franz"]
[Black "Rodemann, Edmund"]
[Result "0-1"]
[WhiteElo "1792"]
[BlackElo "1801"]
[PlyCount "84"]


1. e4 c6 2. Nf3 d5 3. exd5 cxd5 4. d4 Bg4 5. Bd3 Nc6 6. c3 e6 7. O-O Nf6 8. Re1
Be7 9. Bg5 Bh5 10. Nbd2 O-O 11. h3 a6 12. a4 Bg6 13. Bxg6 hxg6 14. Ne5 Nxe5 15.
dxe5 Nd7 16. Bxe7 Qxe7 17. Qe2 b6 18. Nb3 Nc5 19. Nd4 Rfc8 20. f3 Nb7 21. Kh1
Na5 22. Qd3 Qc7 23. Ra3 Nc4 24. Ra2 Nxe5 25. Qe2 Nc6 26. Nb3 Ne7 27. Nd2 Nf5
28. Qd3 Nd6 29. Qe2 b5 30. axb5 axb5 31. Rea1 Rxa2 32. Rxa2 Qb7 33. Qe1 b4 34.
Qa1 bxc3 35. bxc3 Nb5 36. Nb1 d4 37. Rc2 dxc3 38. Na3 Qa6 39. Ra2 Ra8 40. Qc1
Nxa3 41. Qxc3 Qd6 42. Qb3 Rb8 0-1

[Event "13sen.WMH 2003 Senioren"]
[Site "Bad Zwischenahn(17.11.-29.11.2003)"]
[Date "2003.11.29"]
[Round "4"]
[White "Broberg, Horst"]
[Black "Kudoke, Willy"]
[Result "0-1"]
[WhiteElo "1958"]
[BlackElo "1847"]
[PlyCount "82"]


1. e4 c5 2. Nf3 Nc6 3. Bb5 g6 4. O-O Bg7 5. Re1 Nd4 6. Nxd4 cxd4 7. c3 Qb6 8.
a4 a6 9. Bc4 e6 10. d3 Ne7 11. a5 Qc7 12. cxd4 Bxd4 13. Nc3 O-O 14. Be3 Qe5 15.
Qd2 Nc6 16. Bf4 Qc5 17. Be3 Qe5 18. f4 Qxf4 19. Kh1 Bxe3 20. Rxe3 Ne5 21. Ne2
Qh6 22. Ng3 Ng4 23. Nf1 Nxe3 24. Nxe3 d6 25. Qe2 Bd7 26. Ng4 Qg7 27. Rf1 f6 28.
d4 h5 29. Ne3 Rae8 30. Qd2 Qh6 31. Qc3 Rf7 32. Qb3 Qg5 33. d5 e5 34. Be2 f5 35.
Nc4 Bb5 36. Nxd6 Bxe2 37. Nxf7 Kxf7 38. d6+ Kf8 39. d7 Rd8 40. Re1 Rxd7 41.
Qb4+ Qe7 0-1

[Event "13sen.WMH 2003 Senioren"]
[Site "Bad Zwischenahn(17.11.-29.11.2003)"]
[Date "2003.11.29"]
[Round "4"]
[White "Budde, Reinhard"]
[Black "Filzmaier, Bruno"]
[Result "0-1"]
[WhiteElo "1575"]
[BlackElo "1784"]
[PlyCount "76"]


1. e4 e6 2. d4 d5 3. Nd2 dxe4 4. Nxe4 Nf6 5. Bd3 Nbd7 6. Nf3 Nxe4 7. Bxe4 Nf6
8. Bd3 Bd6 9. O-O O-O 10. Bg5 h6 11. Bxf6 Qxf6 12. c3 b6 13. Qe2 Bb7 14. Be4
Bxe4 15. Qxe4 c5 16. Rad1 Rad8 17. a3 cxd4 18. cxd4 Bb8 19. Rfe1 Rd5 20. Qh4
Qxh4 21. Nxh4 Rfd8 22. Nf3 e5 23. Re4 f5 24. Ree1 e4 25. Nh4 g5 26. Nxf5 Rxf5
27. Rxe4 Rfd5 28. g3 Be5 29. Kf1 Bxd4 30. b3 Kf7 31. Ke2 Bc3 32. Rxd5 Rxd5 33.
Re3 Re5 34. f3 Rxe3+ 35. Kxe3 Ke6 36. a4 a6 37. h3 Be1 38. g4 Ke5 0-1

[Event "13sen.WMH 2003 Senioren"]
[Site "Bad Zwischenahn(17.11.-29.11.2003)"]
[Date "2003.11.29"]
[Round "4"]
[White "Dorawa, Bernhard"]
[Black "Rickers, Gerd"]
[Result "0-1"]
[WhiteElo "1945"]
[BlackElo "1957"]
[PlyCount "74"]


1. e4 e5 2. Nf3 Nc6 3. Bb5 g6 4. O-O Bg7 5. c3 d6 6. d4 Bd7 7. d5 Nb8 8. Qb3 b6
9. Na3 Ne7 10. Bg5 O-O 11. Bxd7 Nxd7 12. Bxe7 Qxe7 13. Qc4 f5 14. exf5 Rxf5 15.
Qxc7 Rxf3 16. gxf3 Qg5+ 17. Kh1 Qf4 18. Rg1 Qxf3+ 19. Rg2 Nc5 20. Qxd6 Nd3 21.
Qe6+ Kh8 22. Kg1 Nf4 23. Qg4 Qxd5 24. Rg3 Rd8 25. Qf3 Qd2 26. Nc4 Ne2+ 27. Kg2
Nf4+ 28. Kf1 Qc2 29. Re1 Qf5 30. Rd1 Rxd1+ 31. Qxd1 h5 32. Nd6 Qe6 33. Ne4 Qc4+
34. Kg1 Qxe4 35. b3 Ne2+ 36. Kf1 Nxg3+ 37. hxg3 Qh1+ 0-1

[Event "13sen.WMH 2003 Senioren"]
[Site "Bad Zwischenahn(17.11.-29.11.2003)"]
[Date "2003.11.29"]
[Round "4"]
[White "Dornieden, Manfred,Prof.Dr."]
[Black "Nietsch, Horst"]
[Result "1-0"]
[WhiteElo "2202"]
[BlackElo "1987"]
[PlyCount "73"]


1. c4 Nf6 2. Nf3 e6 3. b3 c5 4. Bb2 Nc6 5. e3 Be7 6. Be2 O-O 7. O-O d5 8. d4
cxd4 9. Nxd4 Nxd4 10. Bxd4 dxc4 11. Bxc4 Bd7 12. Nc3 Bc6 13. Qe2 a6 14. Rfd1
Qa5 15. Qd2 e5 16. Nd5 Qa3 17. Bxe5 Nxd5 18. Bxd5 Rfd8 19. e4 Bxd5 20. exd5 Bd6
21. Bb2 Qc5 22. Rac1 Qb5 23. Rc4 Qd7 24. h3 Re8 25. Rg4 Be5 26. Bxe5 Rxe5 27.
d6 Re6 28. Rc4 h6 29. Rc7 Qb5 30. d7 Rd8 31. Rc8 Qb6 32. Qd5 Rc6 33. Rxd8+ Qxd8
34. Re1 Kh7 35. Qf5+ Rg6 36. Re8 Qh4 37. d8=Q 1-0

[Event "13sen.WMH 2003 Senioren"]
[Site "Bad Zwischenahn(17.11.-29.11.2003)"]
[Date "2003.11.29"]
[Round "4"]
[White "Dziura, Dieter"]
[Black "Rueggeberg, Wilhelm"]
[Result "1-0"]
[WhiteElo "1800"]
[BlackElo "1777"]
[PlyCount "49"]


1. e4 c5 2. Nc3 d6 3. f4 a6 4. Nf3 Nf6 5. Bc4 e6 6. a4 Be7 7. d3 Nc6 8. O-O O-O
9. Ne2 d5 10. exd5 exd5 11. Ba2 Qc7 12. c3 Be6 13. d4 Rad8 14. Bb1 Ne4 15. Be3
c4 16. Ne5 Na5 17. f5 Bc8 18. Bxe4 dxe4 19. Bf4 Bd6 20. Bg3 Nb3 21. f6 g5 22.
Nf4 h6 23. Qh5 Kh7 24. Nd5 Qa5 25. Nxf7 1-0

[Event "13sen.WMH 2003 Senioren"]
[Site "Bad Zwischenahn(17.11.-29.11.2003)"]
[Date "2003.11.29"]
[Round "4"]
[White "Fehres, Werner"]
[Black "Sarkosch, Nerssi,Dr."]
[Result "1-0"]
[WhiteElo "1788"]
[BlackElo "1646"]
[PlyCount "113"]


1. e4 d6 2. f4 Nf6 3. d3 g6 4. Be2 Bg7 5. c3 c5 6. Na3 Nc6 7. Nc2 O-O 8. h4 h5
9. Ne3 e5 10. g3 d5 11. Qc2 dxe4 12. dxe4 exf4 13. gxf4 Re8 14. Bf3 Bh6 15. Ne2
Qc7 16. Ng2 Bg4 17. Bxg4 Nxg4 18. O-O Rad8 19. Ng3 Qd6 20. e5 Qd3 21. Qxd3 Rxd3
22. Ne4 Red8 23. Nxc5 Rd1 24. Nxb7 Rxf1+ 25. Kxf1 Rd1+ 26. Ke2 Rg1 27. Ne1 Rh1
28. Nf3 Bf8 29. b4 Be7 30. Bb2 Rh3 31. b5 Nd8 32. Nxd8 Bxd8 33. Rd1 Bb6 34. c4
Ne3 35. Rd7 Nxc4 36. Bd4 Rg3 37. Bxb6 axb6 38. a4 Rg2+ 39. Kd3 Nb2+ 40. Ke3
Nxa4 41. Ng5 Rg3+ 42. Nf3 Kf8 43. Kf2 Rg4 44. Ke3 Ke8 45. Rb7 Nc3 46. Rb8+ Kd7
47. Rb7+ Ke8 48. Ng5 Nxb5 49. Rxb6 Nc3 50. Rb8+ Ke7 51. Rb7+ Ke8 52. Nxf7 Nd5+
53. Kd4 Nxf4 54. Nd6+ Kd8 55. Kc5 Ne6+ 56. Kd5 Nf4+ 57. Kc6 1-0

[Event "13sen.WMH 2003 Senioren"]
[Site "Bad Zwischenahn(17.11.-29.11.2003)"]
[Date "2003.11.29"]
[Round "4"]
[White "Fiedler, Eduard"]
[Black "Semmler, Guenter"]
[Result "1/2-1/2"]
[WhiteElo "1734"]
[BlackElo "1951"]
[PlyCount "29"]


1. e4 d6 2. d4 Nf6 3. Nc3 Nbd7 4. f4 e5 5. dxe5 dxe5 6. Nf3 Bd6 7. Bb5 O-O 8.
f5 Qe7 9. Bg5 c6 10. Bd3 Bc5 11. Qe2 b5 12. O-O-O a5 13. Bxb5 Bb4 14. Bxc6 Ba6
15. Qe3 1/2-1/2

[Event "13sen.WMH 2003 Senioren"]
[Site "Bad Zwischenahn(17.11.-29.11.2003)"]
[Date "2003.11.29"]
[Round "4"]
[White "Fischer, Paul[37Hiltrup]"]
[Black "Bolduan, Albrecht"]
[Result "1-0"]
[WhiteElo "1745"]
[BlackElo "1368"]
[PlyCount "61"]


1. Nc3 d5 2. e4 d4 3. Nce2 Nc6 4. Ng3 e5 5. Bc4 Qf6 6. Qf3 Be6 7. Bb5 Bd7 8. a3
a6 9. Bc4 Be6 10. Bxe6 Qxe6 11. N1e2 Qc4 12. d3 Qxc2 13. O-O Bd6 14. b4 b5 15.
Nf5 Bf8 16. Bg5 Nge7 17. Rac1 Qb3 18. Nxe7 Nxe7 19. Rxc7 Rc8 20. Rxc8+ Nxc8 21.
Qf5 Qe6 22. Qxe6+ fxe6 23. Rc1 Kd7 24. Bh4 g6 25. Bf6 Rg8 26. Bxe5 Bg7 27. Rc7+
Kd8 28. Rxg7 Rxg7 29. Bxg7 Ke7 30. Bxd4 Kd6 31. f4 1-0

[Event "13sen.WMH 2003 Senioren"]
[Site "Bad Zwischenahn(17.11.-29.11.2003)"]
[Date "2003.11.29"]
[Round "4"]
[White "Fleischer, Martin"]
[Black "Gestrich, Wolfgang,Prof.Dr."]
[Result "1-0"]
[WhiteElo "1681"]
[BlackElo "1401"]
[PlyCount "82"]


1. e4 e5 2. Nf3 d6 3. c3 Nf6 4. h3 Nxe4 5. Qa4+ Bd7 6. Qxe4 Bc6 7. Qe2 Qf6 8.
Nh2 h5 9. d3 Qg6 10. Nf3 Be7 11. Nbd2 Nd7 12. b4 a5 13. a3 axb4 14. cxb4 b5 15.
Bb2 f5 16. Rc1 Ra6 17. Nb3 Bd5 18. Na5 c6 19. h4 c5 20. Nd2 Bd8 21. Nab3 cxb4
22. axb4 Qe6 23. Ra1 Nb8 24. Na5 g6 25. d4 Bxa5 26. Rxa5 Rxa5 27. bxa5 Bc4 28.
Nxc4 bxc4 29. Qxc4 Qxc4 30. Bxc4 Nc6 31. Bb5 Kd7 32. d5 Rb8 33. Bxc6+ Kc7 34.
Bc1 Rb1 35. Kd2 Ra1 36. Rd1 Ra2+ 37. Ke1 Rxa5 38. Bd2 Rc5 39. Rc1 Rxc1+ 40.
Bxc1 Kd8 41. Bg5+ Kc8 1-0

[Event "13sen.WMH 2003 Senioren"]
[Site "Bad Zwischenahn(17.11.-29.11.2003)"]
[Date "2003.11.29"]
[Round "4"]
[White "Forselv, Edmund"]
[Black "Lentze, Ingo,Dr."]
[Result "0-1"]
[WhiteElo "1840"]
[BlackElo "2072"]
[PlyCount "62"]


1. e4 c5 2. Nf3 d6 3. d4 cxd4 4. Nxd4 e6 5. Nc3 a6 6. Be3 Nf6 7. Be2 Be7 8. a4
Nc6 9. Nb3 b6 10. O-O O-O 11. Nd2 Qc7 12. f4 Nb4 13. Nc4 Rb8 14. e5 Nfd5 15.
Rf3 dxe5 16. fxe5 Nxe3 17. Nxe3 Bb7 18. Rh3 Rbd8 19. Qf1 Bc5 20. Kh1 Bxe3 21.
Rxe3 Nxc2 22. Rh3 Nxa1 23. Bd3 Rxd3 24. Qxd3 g6 25. Qe3 f5 26. Ne2 Nc2 27. Qh6
Rd8 28. Rc3 Qxe5 29. Ng1 Ne1 30. Nf3 Nxf3 31. gxf3 Qe2 0-1

[Event "13sen.WMH 2003 Senioren"]
[Site "Bad Zwischenahn(17.11.-29.11.2003)"]
[Date "2003.11.29"]
[Round "4"]
[White "Fries, Karl-Heinz"]
[Black "Helmsen, Franz"]
[Result "1/2-1/2"]
[WhiteElo "1744"]
[BlackElo "1958"]
[PlyCount "65"]


1. e4 c5 2. Nf3 d6 3. d4 cxd4 4. Nxd4 Nf6 5. Nc3 a6 6. Bg5 Nbd7 7. Qd2 e6 8. f4
Be7 9. Be2 O-O 10. O-O-O Qc7 11. Bxf6 Nxf6 12. g4 b5 13. g5 Nd7 14. h4 Nc5 15.
Bf3 Rb8 16. f5 b4 17. Nce2 e5 18. Nb3 Rd8 19. g6 fxg6 20. fxg6 h6 21. Ng3 Be6
22. Kb1 a5 23. Nf5 Bf8 24. Rhg1 Bxf5 25. exf5 Be7 26. Qd5+ Kh8 27. Rg4 Nxb3 28.
cxb3 Qb6 29. Rc4 Qf2 30. h5 Bf6 31. Be4 Qe2 32. Bf3 Qh2 33. Be4 1/2-1/2